Statistics for Lipu värvimise pusle nr 1

Click here to take the quiz!

General Stats

  • This quiz has been taken 12 times
  • The average score is 4 of 6

Answers on the Map

Answers color-coded by a green-red scale on the quiz's map according to % correct below.
 

Answer Stats

Answer% Correct
roheline
70%
valge
70%
must
60%
sinine
60%
punane
50%
kollane
40%

Score Distribution

Percentile by Number Answered

Percent of People with Each Score

Your Score History

You have not taken this quiz